000 01391cam a2200397Li 4500
001 78431
005 20230411085653.0
008 070223s2007 fr f p 000 0 fre d
035 _a(OCoLC)ocn470638506
040 _aBDF
_bfre
_cBDF
015 _a00715417
_2bnf
016 7 _aFRBNF40987063000000X
_2FrPBN
020 _a9782011458445 (br)
020 _a2011458447 (br)
035 _a(OCoLC)470638506
082 1 _a320.01
_222
049 _aGRAL
050 1 4 _aT316
100 1 _aTerestchenko, Michel.
_4aut
245 1 0 _aPhilosophie politique.
_n2,
_pEthique, science et droit /
_cMichel Terestchenko,...
246 2 3 _aâEthique, science et droit
250 _a[4e ed.]
260 _aParis :
_bHachette superieur,
_cDL 2007
_e(27-Evreux :
_fImpr. Herissey)
300 _a1 vol. (157 p.) ;
_c19 cm.
490 0 _aLes fondamentaux ;
_v35
500 _aBibliogr. p. 155. Index.
650 7 _aPhilosophie politique
_xManuels d'enseignement superieur.
_2ram
760 0 _tLes Fondamentaux (Paris).
_x1152-1392
_g35
_w(FrPBN)34268474
773 0 _tPhilosophie politique.
_g2
_w(FrPBN)36945889
856 4 2 _3Notice et cote du catalogue de la Bibliotháeque nationale de France
_uhttp://catalogue.bnf.fr/ark:/12148/cb409870638
886 1 _2intermrc
_a009
_ba--dh-us-----------
886 2 _2intermrc
_a680
_b0-
_a320
_b320
942 _2lcc
_cbk
994 _aC0
_bDRFGD
946 _aAAG
999 _c105643
_d105643